Normal view
MARC view
- TAINE, F. L. J, CARVALHO, M. G
Entry Personal Name
001 - CONTROL NUMBER
- control field: 67236
003 - CONTROL NUMBER IDENTIFIER
- control field: NUST
005 - DATE AND TIME OF LATEST TRANSACTION
- control field: 20210628203755.0
008 - FIXED-LENGTH DATA ELEMENTS
- fixed length control field: 210628|| aca||aabn | a|a d
040 ## - CATALOGING SOURCE
- Original cataloging agency: NUST
- Transcribing agency: NUST
100 ## - HEADING--PERSONAL NAME
- Personal name: TAINE, F. L. J, CARVALHO, M. G
670 ## - SOURCE DATA FOUND
- Source citation: Work cat.: (NUST): TAINE, F. L. J, CARVALHO, M. G, HEAT TRANSFER IN RADIATING AND COMBUSTING SYSTEMS, PROCEEDINGS OF EUROTHERM SEMINARS NO-17, 8-10 OCTOBER 1980 CASCIAS PORTUGAL, 1990
